| 000 | 00809nam a2200253 a 4500 | ||
|---|---|---|---|
| 005 | 20241130063754.0 | ||
| 008 | 181105s2003 mx r 000 0 spa d | ||
| 020 | _a9687709553 | ||
| 035 | _aUPN01000227530 | ||
| 049 | _aLT | ||
| 050 | 4 |
_aLB1584 M6.6 _bP5.3 |
|
| 100 | 1 |
_aPick de Weiss, Susan Emily, _d1952- _929856 |
|
| 245 | 1 | 0 |
_aHabilidades para la vida y salud : _b6o. primaria / _cSusan Pick, Martha Givaudan. |
| 260 |
_aMéxico : _bCONAPO, _c2003. |
||
| 300 |
_a98 p. : _bil. |
||
| 440 | 0 | _aDesarrollo integral comunitario | |
| 650 | 4 |
_aCivismo _xEstudio y enseñanza (Elemental) _92807 |
|
| 650 | 4 |
_aOrganización escolar _94178 |
|
| 650 | 4 |
_aETICA ESTUDIANTIL _917571 |
|
| 650 | 4 |
_aConducta de vida _94416 |
|
| 700 | 1 |
_aGivaudan, Martha, _ecoaut. _939539 |
|
| 905 | _aLibro | ||
| 999 |
_c199625 _d199625 |
||